000 01527cam a2200349 i 4500
001 41662
003 Mx-PuUPA
005 20231110084730.0
008 140415s2007 mx ad fr 000 0 spa d
020 _a9789706559913
040 _cMx-PuUPA
_aMx-PuUPA
_bspa
_dMx-PuUPA
_erda
041 0 _aspa
245 1 0 _aNeonatología 2 :
_bPrograma de Actualización Continua en Neonatología /
_cDr. Javier Mancilla Ramírez, coordinador de la serie ; Federación Nacional de Neonatología, Consejo Mexicano de Certificación en Pediatría, Sección Neonatología
246 3 _aPAC® :
_bneonatología 2 : Programa de Actualización Continua en Neonatología
250 _aPrimera edición
264 1 _aMéxico, D.F. :
_bIntersistemas Editores,
_c2007
300 _a750 páginas :
_bilustraciones, diagramas, tablas ;
_c28 cm
336 _2rdacontent
_atexto
_btxt
336 _2rdacontent
_aimagen fija
_bsti
337 _2rdamedia
_asin medio
_bn
338 _2rdacarrier
_avolumen
_bnc
490 0 _aPAC®
650 7 _aNeonatología
_2armarc
650 7 _aNiños recién nacidos
_xEnfermedades
_xTratamiento
700 1 _aMancilla Ramírez, Javier,
_915105
_ecoordinador
710 2 _aFederación Nacional de Neonatología de México
_eeditor
710 2 _aConsejo Mexicano de Certificación en Pediatría,
_bSección Neonatología
_eeditor
942 _2ddc
_cLI
_h618.9201
_iN438
999 _c41662
_d41662